Central Library and Information Centre
Sibsagar Girls' College, Sivasagar : Assam

POLITICAL HISTORY OF ANCIENT INDIA (Record no. 3609)

MARC details
000 -LEADER
fixed length control field 00449cam a2200181ua 4500
008 - FIXED-LENGTH DATA ELEMENTS--GENERAL INFORMATION
fixed length control field 131204n2005 II |||gr||||Z||||||eng
040 ## - CATALOGING SOURCE
Original cataloging agency MAIN
041 ## - LANGUAGE CODE
-- English
082 ## - DEWEY DECIMAL CLASSIFICATION NUMBER
Classification number 900 ROY
100 ## - MAIN ENTRY--PERSONAL NAME
Personal name ROYCHAUDHURY, HEM CHANDRA.
245 ## - TITLE STATEMENT
Title POLITICAL HISTORY OF ANCIENT INDIA
260 ## - PUBLICATION, DISTRIBUTION, ETC.
Place of publication, distribution, etc. NEW DELHI
Name of publisher, distributor, etc. OXFORD UNIVERSITY PRESS
Date of publication, distribution, etc. 2005
300 ## - PHYSICAL DESCRIPTION
Extent 849:
Dimensions 23CM.
700 ## - ADDED ENTRY--PERSONAL NAME
Personal name MUKHERJEE, B.N.
942 ## - ADDED ENTRY ELEMENTS (KOHA)
Koha item type Books
653 ## - INDEX TERM--UNCONTROLLED
Uncontrolled term India to 647
Holdings
Withdrawn status Lost status Damaged status Not for loan Collection code Home library Current library Shelving location Date acquired Full call number Barcode Date last seen Copy number Price effective from Koha item type Public note
        TBZOO Central Library and Information Centre Sibsagar Girls College Central Library and Information Centre Sibsagar Girls College ZOOLOGY BOOK RACK 01.08.2006 900 ROY 21186 27.02.2020 1 27.02.2020 Books V


Sibsagar Girl's College © 2020. All rights reserved.
Powered by Koha.
Maintained by Abhijit Borpuzari.